000 00287nam a22001337a 4500
008 180927b xxu||||| |||| 00| 0 eng d
020 _a07376146
041 _aeng
080 _a610
100 _a6
101 _aANE
245 _aAdvanced In Anesthesia
_cBarash.G
942 _2udc
_cBK
999 _c48543
_d48543